[Event "Regency Masters 3rd"]
[Site "Ramsgate"]
[Date "1981.12.09"]
[Round "5.9"]
[White "Jacobs, Byron A"]
[Black "Hodgson, Julian M"]
[Result "1/2-1/2"]
[WhiteElo "2245"]
[BlackElo "2370"]
[PlyCount "87"]
[EventDate "1981.12.05"]
[EventType "swiss"]
[EventRounds "9"]
[EventCountry "ENG"]
[SourceVersionDate "2021.08.26"]

1. e4 c6 2. d4 d5 3. exd5 cxd5 4. c4 Nf6 5. Nc3 g6 6. cxd5 Bg7 7. Qb3 O-O 8.
Bc4 (8. Be2 Nbd7 9. Bf3 Nb6 10. Nge2) 8... Nbd7 9. Nge2 Nb6 10. O-O Bf5 $11 (
10... Nxc4 11. Qxc4 b6 12. Bg5 Bb7 13. Bxf6 Bxf6 14. Rfe1 Qd7 15. Nf4 Rac8 16.
Qb4 Qf5 17. g3 Rc7 18. Re4 $4 (18. Re3 $11) 18... Rxc3 19. Rxe7 Bxe7 20. Qxe7
Rc2 21. Qxb7 g5 {0-1, Vasquez Schroder,R (2542)-Kamsky,G (2741), World Blitz
Ch, Khanty-Mansiysk 2013}) 11. Ng3 Bc2 12. Qxc2 Nxc4 13. Qb3 Nb6 (13... Na5 $5)
14. Bg5 Nfxd5 15. Nxd5 Qxd5 16. Bxe7 Qxb3 17. axb3 Rfe8 18. Bb4 Bxd4 $11 19.
Bc3 Bg7 20. Rfd1 Re6 21. Rd3 Rae8 22. Rad1 h5 23. h3 Rc6 24. Rd8 Rce6 25. f3 f5
26. Kf2 Kf7 27. Rxe8 Rxe8 28. Ne2 Re7 29. Nf4 Rd7 30. Rxd7+ Nxd7 31. Bxg7 Kxg7
32. b4 h4 33. Ke3 Kf6 34. Kd4 g5 35. Nd5+ Ke6 36. Nc7+ Ke7 37. Kd5 a6 38. b3 g4
39. f4 Nb8 40. Ke5 Nc6+ 41. Kxf5 gxh3 42. gxh3 Nxb4 43. Ne6 Nd3 44. Ng5 1/2-1/2

[Event "Regency Masters 3rd"]
[Site "Ramsgate"]
[Date "1981.12.09"]
[Round "5.10"]
[White "Leverett, Bruce W"]
[Black "Conquest, Stuart"]
[Result "1/2-1/2"]
[WhiteElo "2245"]
[BlackElo "2220"]
[PlyCount "117"]
[EventDate "1981.12.05"]
[EventType "swiss"]
[EventRounds "9"]
[EventCountry "ENG"]
[SourceVersionDate "2021.08.26"]

1. d4 Nf6 2. c4 g6 3. Nc3 d5 4. Nf3 Bg7 5. Bf4 O-O 6. Rc1 c5 7. dxc5 Be6 8. Nd4
Nc6 9. e3 (9. Nxe6 fxe6 10. e3 Qa5 11. Be2 Rad8 12. Qa4 Qxc5 13. O-O Qb6 {
Brinck Claussen,B (2395)-Conquest,S (2445), Politiken Cup, Copenhagen 1987 
(1-0, 36)}) 9... Qd7 (9... Nxd4 10. exd4 dxc4) 10. Be2 (10. Nxe6 $5 fxe6 11.
cxd5 Nxd5 (11... exd5 12. Be2 d4 (12... e5 13. Bg5 d4 14. Bxf6 Bxf6 15. Ne4 $16
) 13. exd4 Nxd4 14. O-O $16) 12. Nxd5 Qxd5 13. Bc4 Qxg2 14. Bxe6+ Kh8 15. Qd5
Qxd5 16. Bxd5 $16 {Stockfish 14}) 10... Rfd8 11. O-O Nxd4 12. exd4 dxc4 13. Be5
Ne8 14. Bxg7 Nxg7 15. d5 Bxd5 16. Nxd5 Qxd5 17. Qxd5 Rxd5 18. Bxc4 Rd2 19. b4
Kf8 20. Rfd1 Rad8 {('Rfd8')} 21. Bb3 R2d4 22. Kf1 e6 23. Rxd4 Rxd4 24. Rc4 Rd7
25. Ke1 (25. b5 $5) 25... Ke7 26. a4 Nf5 27. b5 h5 28. a5 a6 29. c6 (29. b6 $1)
29... bxc6 (29... axb5 30. c7 bxc4 31. c8=Q cxb3 32. Qc5+ Kf6 $11) 30. b6 Nd6
31. Rxc6 Nb7 32. Ba4 Kd8 33. Rc4 $2 (33. Rc3 $1 Rd5 (33... Re7 $2 {or 33...Rd4?
} 34. Bb5 $3) 34. Bc6 Re5+ 35. Kd2 Nxa5 36. b7 Nxb7 $8 37. Bxb7 $16) 33... Nxa5
34. Rc3 (34. Bxd7 Nxc4 35. Be8 Nd6 $1 $17) 34... Re7 35. f4 $6 (35. Ke2) 35...
Nb7 36. Kf2 f6 37. Bc2 g5 38. fxg5 fxg5 39. Ra3 a5 40. Bg6 h4 41. Be4 Rf7+ 42.
Ke2 g4 43. Bc6 Kc8 44. Ra4 Nd8 45. Be4 Nb7 46. g3 hxg3 47. hxg3 e5 48. Rc4+ Kb8
49. Rc6 a4 50. Re6 Rd7 51. Re8+ Nd8 52. Rxe5 Rd6 53. Ra5 Rxb6 54. Rxa4 Re6 55.
Ke3 Rf6 56. Bd5 Kc7 57. Rxg4 Kd6 58. Ke4 Ne6 59. Bxe6 1/2-1/2

[Event "Regency Masters 3rd"]
[Site "Ramsgate"]
[Date "1981.12.09"]
[Round "5.11"]
[White "Van Parreren, Hanneke"]
[Black "Cox, John J"]
[Result "0-1"]
[WhiteElo "2040"]
[BlackElo "2275"]
[PlyCount "62"]
[EventDate "1981.12.05"]
[EventType "swiss"]
[EventRounds "9"]
[EventCountry "ENG"]
[SourceVersionDate "2021.08.26"]

1. e4 e6 2. d4 d5 3. e5 b6 4. Nf3 Ne7 5. Be2 Ba6 6. O-O Bxe2 7. Qxe2 Nbc6 8.
Bf4 Qd7 9. Nbd2 Ng6 10. Bg3 h5 11. h3 Be7 12. Rfe1 h4 13. Bh2 O-O-O 14. Nb3 Kb8
15. a4 Ka8 16. c3 $6 (16. a5 $1 $16) 16... Rb8 17. Qb5 $6 (17. Nbd2 $14) 17...
Rhd8 18. Rec1 $6 Na5 $11 19. Nbd2 c6 20. Qe2 c5 21. Qe3 Nc6 22. Bf4 $2 Rg8 23.
Bg5 $2 f6 24. exf6 gxf6 25. Bxh4 Nxh4 26. Nxh4 e5 $17 27. Re1 $2 cxd4 28. Qf3
Rg5 29. Kh2 $2 Rh8 $19 30. g3 Bd6 31. Qxd5 Rxh4 0-1

[Event "Regency Masters 3rd"]
[Site "Ramsgate"]
[Date "1981.12.09"]
[Round "5.12"]
[White "De Boer, Gert Jan"]
[Black "Nunn, John DM"]
[Result "0-1"]
[WhiteElo "2270"]
[BlackElo "2580"]
[PlyCount "42"]
[EventDate "1981.12.05"]
[EventType "swiss"]
[EventRounds "9"]
[EventCountry "ENG"]
[SourceTitle "BritBase"]
[Source "John Saunders"]
[SourceDate "2020.09.07"]
[SourceVersion "1"]
[SourceVersionDate "2020.09.07"]
[SourceQuality "2"]

1. c4 Nf6 2. Nc3 g6 3. e4 d6 4. d4 Bg7 5. Nf3 O-O 6. Be2 Nbd7 7. O-O e5 8. Be3
c6 9. Qc2 Ng4 10. Bg5 f6 11. Bd2 f5 12. dxe5 (12. exf5) 12... Ndxe5 13. Nxe5
Bxe5 14. Bxg4 fxg4 $15 {("The Main Line King's Indian" by Nunn and Burgess,
Batsford, 1996)} 15. Rad1 (15. Ne2 Qh4 (15... Be6 16. Rad1 Qh4 17. g3 Qe7 18.
Bf4 Rad8 19. b3 Bf7 {Uhlmann,W (2510)-Knaak,R (2505), Leipzig 1986 (0-1, 48)})
16. Bf4 Be6 17. Rad1 Rad8 18. b3 Qe7 {De Boer,G (2390)-Romero Holmes,A (2440),
Amsterdam 1987 (½-½, 34)}) 15... Qf6 16. b3 g3 $5 17. hxg3 Bg4 18. f3 (18.
Rc1 $13) 18... Bd4+ 19. Kh1 $4 (19. Kh2 g5 (19... Be5 $2 20. Ne2 Qh4+ 21. Kg1
Bxg3 22. Nxg3 Bxf3 23. Qd3 $1 $18) 20. Bxg5 $8 Qxg5 21. Rxd4 Qh6+ 22. Kg1 Qe3+
23. Qf2 Qxc3 24. Rxd6 $13) 19... Qe5 $1 $19 20. fxg4 Qxg3 {(Had White played
19 Kh2 this move would have been impossible)} 21. Bg5 Be5 {Sources: bulletin;
BCM, Apr 1982, p150} 0-1

[Event "Regency Masters 3rd"]
[Site "Ramsgate"]
[Date "1981.12.09"]
[Round "5.13"]
[White "Regan, Kenneth"]
[Black "Kuligowski, Adam"]
[Result "1/2-1/2"]
[WhiteElo "2405"]
[BlackElo "2405"]
[PlyCount "26"]
[EventDate "1981.12.05"]
[EventType "swiss"]
[EventRounds "9"]
[EventCountry "ENG"]
[SourceVersionDate "2021.08.26"]

1. e4 c5 2. c3 d5 3. exd5 Qxd5 4. d4 Nf6 5. Nf3 Bg4 6. Be2 e6 7. Na3 Nc6 8. Be3
cxd4 9. Nb5 Rc8 10. Nbxd4 Bc5 11. Nxc6 Bxe3 12. Qxd5 exd5 13. Nce5 Bb6 1/2-1/2

[Event "Regency Masters 3rd"]
[Site "Ramsgate"]
[Date "1981.12.09"]
[Round "5.14"]
[White "Friedgood, David"]
[Black "Pytel, Krzysztof"]
[Result "0-1"]
[WhiteElo "2315"]
[BlackElo "2400"]
[PlyCount "54"]
[EventDate "1981.12.05"]
[EventType "swiss"]
[EventRounds "9"]
[EventCountry "ENG"]
[SourceVersionDate "2021.08.26"]

1. c4 Nf6 2. Nf3 g6 3. Nc3 Bg7 4. e4 c5 5. d4 cxd4 6. Nxd4 Nc6 7. Be3 O-O 8.
Be2 b6 9. O-O Bb7 10. f3 Nh5 11. Nb3 d6 12. Rc1 Rc8 13. f4 Nf6 14. Bf3 Nd7 15.
Rf2 Nc5 16. Rd2 Qe8 17. Nxc5 bxc5 18. Bg4 f5 19. exf5 gxf5 20. Bh5 Qd8 21. Bxc5
Na5 22. Bd4 $6 (22. Bxa7 $16) 22... Nxc4 23. Re2 e5 $11 24. Bxa7 Qh4 25. Qb3 $2
Ba8 26. Nb5 $4 Qxh5 $19 27. Rxc4 Bd5 0-1

[Event "Regency Masters 3rd"]
[Site "Ramsgate"]
[Date "1981.12.09"]
[Round "5.15"]
[White "Formanek, Edward W"]
[Black "Cummings, David H"]
[Result "0-1"]
[WhiteElo "2370"]
[BlackElo "2310"]
[PlyCount "62"]
[EventDate "1981.12.05"]
[EventType "swiss"]
[EventRounds "9"]
[EventCountry "ENG"]
[SourceVersionDate "2021.08.26"]

1. e4 c5 2. Nf3 e6 3. d4 cxd4 4. Nxd4 Nc6 5. Nc3 a6 6. Be2 Qc7 7. f4 b5 8. Nxc6
Qxc6 9. Bf3 Bb7 10. O-O d6 11. e5 Qb6+ 12. Kh1 Rd8 13. Qe2 d5 14. a4 b4 15. Nd1
Ne7 16. c3 Nf5 17. a5 Qc7 18. Ne3 $6 Nh4 19. Bg4 Bc5 20. Bh3 bxc3 21. bxc3 O-O
22. Qh5 $2 (22. Nc2 $15) 22... Ng6 23. Ng4 d4 24. Nf6+ gxf6 25. exf6 Rfe8 $19
26. Bd2 Bf8 27. cxd4 Rxd4 28. Rac1 Qd6 29. Bc3 Rxf4 30. Rfd1 Bd5 31. Bd2 Rh4
0-1

[Event "Regency Masters 3rd"]
[Site "Ramsgate"]
[Date "1981.12.09"]
[Round "5.16"]
[White "Pliester, Leon"]
[Black "Lee, Graham D"]
[Result "1/2-1/2"]
[WhiteElo "2330"]
[BlackElo "2360"]
[PlyCount "69"]
[EventDate "1981.12.05"]
[EventType "swiss"]
[EventRounds "9"]
[EventCountry "ENG"]
[SourceVersionDate "2021.08.26"]

1. d4 Nf6 2. c4 e6 3. Nc3 Bb4 4. a3 Bxc3+ 5. bxc3 c5 6. f3 d6 7. e4 e5 8. d5 h6
9. Bd3 Qe7 10. Ne2 Nbd7 11. Qc2 Kd8 12. Be3 Kc7 13. Kd2 Nf8 14. g3 Bh3 15. Rhb1
Bd7 16. Qb2 Rb8 17. a4 h5 18. a5 h4 19. Bc2 hxg3 20. hxg3 Ng6 21. Rh1 Rh3 22.
Rxh3 Bxh3 23. g4 Bg2 24. Ng1 Nh7 25. Qb5 Nh4 26. a6 Nxf3+ 27. Nxf3 Bxf3 28.
axb7 Rxb7 29. Qc6+ Kb8 30. Ra6 Rb6 31. Rxb6+ axb6 32. Qxb6+ Kc8 33. Qa6+ Kb8
34. Qb6+ Kc8 35. Qa6+ 1/2-1/2

[Event "Regency Masters 3rd"]
[Site "Ramsgate"]
[Date "1981.12.09"]
[Round "5.17"]
[White "Hanreck, Alan E"]
[Black "Fischdick, Gisela"]
[Result "1-0"]
[WhiteElo "2275"]
[BlackElo "2220"]
[PlyCount "113"]
[EventDate "1981.12.05"]
[EventType "swiss"]
[EventRounds "9"]
[EventCountry "ENG"]
[SourceVersionDate "2021.08.26"]

1. c4 c5 2. Nf3 g6 3. g3 Bg7 4. Bg2 Nc6 5. O-O e5 6. Nc3 Nge7 7. d3 d6 8. Bd2
O-O 9. Ne1 Be6 10. Nd5 Qd7 11. Nc2 Bxd5 12. cxd5 Nd4 13. Nxd4 exd4 14. b4 Rac8
15. Qb3 Rfe8 16. Rab1 b6 17. Rfc1 Nf5 18. Be4 h5 19. a4 Kh7 20. a5 Rb8 21. axb6
axb6 22. Ra1 Ra8 23. bxc5 bxc5 24. Rcb1 Rxa1 25. Rxa1 Bh6 26. Bxh6 Nxh6 27. Qb6
Rd8 28. Ra7 Qe8 29. Qc7 Kg7 30. Bg2 Qf8 31. Bh3 Re8 32. Be6 Kg8 33. Kf1 Rd8 34.
Bh3 Kg7 35. Ra6 Kg8 36. Ra7 Kg7 37. Qa5 Kg8 38. Qd2 Kg7 39. Qg5 Ra8 40. Rd7 Re8
$2 (40... Qe8 $5) (40... Qb8 $5) 41. f4 Ng8 42. f5 $16 Re7 $2 (42... Kh8) 43.
Rxd6 $18 Re3 44. Rd8 Re8 45. Rxe8 Qxe8 46. fxg6 fxg6 47. Ke1 (47. Be6 $18)
47... Nf6 (47... Qe7 48. Qxe7+ Nxe7 49. d6 Nc6 50. d7 g5 51. Bg2 Nd8 52. h4 $18
) 48. d6 Qc6 (48... c4 49. d7 Nxd7 50. Bxd7 Qxd7 51. Qe5+ Kf7 52. dxc4 $18) 49.
d7 Qc7 50. Qf4 Qa5+ 51. Kf1 Kf7 52. Qd6 Qd8 53. Qe6+ Kg7 54. Qc6 Ng4 55. Bxg4
hxg4 56. Qe6 Qf8+ 57. Ke1 1-0

[Event "Regency Masters 3rd"]
[Site "Ramsgate"]
[Date "1981.12.09"]
[Round "5.19"]
[White "Bohm, Hans"]
[Black "Troeger, Paul"]
[Result "1-0"]
[WhiteElo "2390"]
[BlackElo "2325"]
[PlyCount "35"]
[EventDate "1981.12.05"]
[EventType "swiss"]
[EventRounds "9"]
[EventCountry "ENG"]
[SourceTitle "BritBase"]
[Source "John Saunders"]
[SourceDate "2020.09.07"]
[SourceVersion "1"]
[SourceVersionDate "2020.09.07"]
[SourceQuality "2"]

1. d4 d5 2. c4 c6 3. Nf3 Nf6 4. Nc3 g6 5. e3 Bg7 6. h3 O-O 7. b3 Nbd7 8. cxd5
Nxd5 9. Nxd5 Qa5+ $2 (9... cxd5 $11) 10. Qd2 Qxd5 11. Ba3 Re8 12. Rd1 Nb6 13.
Be2 h6 14. O-O g5 $2 (14... a5 15. Rc1 $14) 15. Ne5 $5 (15. Qc3 $16) 15... f6
$6 (15... Bxe5 16. dxe5 Qxd2 (16... Qxe5 17. f4 $1 $40) 17. Rxd2 $14) 16. Nc4 (
16. Bf3) 16... Be6 17. Bc5 Nd7 $4 (17... Nxc4 18. bxc4 Qd7 19. e4 $16) 18. Bf3
{Sources: bulletin; BCM, Apr 1982, p150} (18. Bf3 Qf5 19. Bg4 Qd5 20. e4 $1
Qxe4 21. f3 (21. Rfe1 $18) 21... Qd5 22. Ne3 $18) 1-0

[Event "Regency Masters 3rd"]
[Site "Ramsgate"]
[Date "1981.12.09"]
[Round "5.20"]
[White "Povah, Nigel Edward"]
[Black "Flear, Glenn C"]
[Result "0-1"]
[WhiteElo "2375"]
[BlackElo "2385"]
[PlyCount "102"]
[EventDate "1981.12.05"]
[EventType "swiss"]
[EventRounds "9"]
[EventCountry "ENG"]
[SourceVersionDate "2021.08.26"]

1. c4 e6 2. d4 d5 3. Nf3 c6 4. Nc3 dxc4 5. a4 Bb4 6. e3 b5 7. Ne5 (7. Bd2) 7...
Nf6 8. Be2 Bb7 9. O-O a6 10. Bf3 Qb6 11. Bd2 Be7 12. b3 cxb3 13. Qxb3 Nbd7 14.
Rfc1 Nxe5 15. dxe5 Nd7 16. axb5 Nxe5 17. Be4 (17. Be2 axb5 18. Nxb5 $5 O-O $13
(18... cxb5 $4 19. Bxb5+ Kf8 (19... Kd8 20. Rxa8+ Bxa8 21. Qa4 $18) 20. Rxa8+
Bxa8 21. Rc8+ $18)) 17... O-O (17... axb5 $5) 18. Na4 Qxb5 19. Qc2 c5 20. Bxh7+
Kh8 21. Rab1 (21. Be4) 21... Qc6 22. Rxb7 $8 Qxb7 23. Be4 Qc7 24. Qd1 (24. Bxa8
Rxa8 25. Bc3 Nd7 $17) 24... f5 (24... Kg8 25. Bxa8 Rxa8 26. Nb2 Rd8 $17) 25.
Bxa8 Rxa8 26. Qh5+ Kg8 27. Bc3 Bf8 28. h3 Rd8 29. Rb1 (29. Nb2) 29... Rb8 30.
Rd1 $6 (30. Rxb8 Qxb8 31. Bxe5 Qxe5 32. Qe8 $11) 30... c4 31. e4 Nd3 $17 32.
exf5 Qf4 33. f6 $2 Qxf2+ 34. Kh1 Qxg2+ $2 (34... Qf4 $1) 35. Kxg2 Nf4+ 36. Kf2
Nxh5 37. Rg1 $2 (37. fxg7 Bxg7 38. Rd6 $11) 37... Kf7 $6 (37... Nxf6 $3 38.
Bxf6 Rb4 $1 $19) 38. fxg7 Bxg7 39. Rg5 Rb5 40. Rg4 Bxc3 41. Nxc3 Rc5 42. Ke3
Ng7 43. Kd4 Rc6 44. h4 Nf5+ 45. Ke4 Rc5 46. Kf3 Nd6 47. Ke3 Rh5 48. Kd4 $2 (48.
Kd2 $5) 48... Nf5+ $1 49. Kc5 Ne3+ 50. Rg5 Rxg5+ 51. hxg5 Nd5 0-1

[Event "Regency Masters 3rd"]
[Site "Ramsgate"]
[Date "1981.12.09"]
[Round "5.21"]
[White "Patrick, David I"]
[Black "Schiller, Eric Andrew"]
[Result "1-0"]
[WhiteElo "2275"]
[BlackElo "2235"]
[PlyCount "73"]
[EventDate "1981.12.05"]
[EventType "swiss"]
[EventRounds "9"]
[EventCountry "ENG"]
[SourceVersionDate "2021.08.26"]

1. e4 g6 2. d4 Bg7 3. Nc3 c5 4. d5 Qa5 5. Nge2 (5. Bd2 d6 6. Nf3 Bg4 7. Be2 Nd7
{Hebden,M (2560)-Schiller,E (2201), Dos Hermanas 2004 (1-0, 62)}) (5. Nf3 $5)
5... d6 6. Be3 b5 7. Qd2 b4 8. Nd1 Nd7 9. a3 Ne5 (9... Ba6) (9... Ngf6) 10. Nc1
Ng4 (10... Nf6) 11. Nb3 Qb6 12. axb4 Nxe3 13. Nxe3 Qxb4 14. Qxb4 cxb4 15. Bb5+
Bd7 16. Bxd7+ Kxd7 17. Nc4 (17. Ra2 $5 $14) 17... Kc7 $2 (17... Nf6 $11) 18.
O-O Nf6 19. Ra6 $1 $16 Rhb8 20. Rfa1 Nxe4 $4 21. Re1 e6 22. Rc6+ (22. Rxe4 exd5
23. Re7+ Kd8 24. Rxf7 dxc4 25. Rxg7 cxb3 26. cxb3 $18) 22... Kd7 23. Rxe4 Bf8
24. Nca5 $18 exd5 25. Rf4 f5 26. g4 Rb6 27. Nd4 Bg7 28. Rxb6 axb6 29. Nab3 Be5
30. Rf3 Rc8 31. gxf5 gxf5 32. Rh3 Rc4 33. Rxh7+ Ke8 34. Nxf5 Rxc2 35. Nbd4 Rxb2
36. Ne6 Bxh2+ 37. Kg2 1-0

[Event "Regency Masters 3rd"]
[Site "Ramsgate"]
[Date "1981.12.09"]
[Round "5.25"]
[White "Da Cunha, Marcos Paolozzi"]
[Black "Tagnon, Nicole"]
[Result "1-0"]
[WhiteElo "2325"]
[BlackElo "2040"]
[PlyCount "69"]
[EventDate "1981.12.05"]
[EventType "swiss"]
[EventRounds "9"]
[EventCountry "ENG"]
[SourceVersionDate "2021.08.26"]

1. d4 Nf6 2. Nf3 b5 3. Bg5 Bb7 4. Nbd2 a6 5. c3 e6 6. e3 (6. e4) 6... Be7 7.
Bd3 d5 8. a4 b4 9. cxb4 Bxb4 10. Qb3 a5 11. Rc1 Nbd7 12. O-O Rc8 13. Qc2 c5 14.
dxc5 Nxc5 15. Bb5+ Ncd7 16. Qd3 h6 $2 (16... O-O $1 17. Bxd7 $140 $6 Qxd7 18.
Bxf6 gxf6 19. Ne4 Be7 $11) 17. Bxd7+ Qxd7 18. Ne5 $1 Qe7 19. Qb5+ Kf8 20. Bxf6
(20. Rxc8+ Bxc8 21. Rc1 Qb7 22. Bf4 $1 Bxd2 {and, incredibly, Stockfish 14
analyses this out to a winning endgame for White after} 23. Qc5+ Kg8 24. Qxc8+
Qxc8 25. Rxc8+ Kh7 26. Rxh8+ Kxh8 27. Kf1 {, etc.}) 20... gxf6 21. Rxc8+ Bxc8
22. Nc6 Qd6 23. Nxb4 axb4 $2 (23... Qxb4 24. Qxb4+ axb4 25. Rc1 Bd7 $11) 24.
Rc1 Bd7 (24... Ba6 25. Qa5 $16) 25. Qa5 Kg7 26. Nb3 e5 27. Qc5 Qxc5 28. Nxc5
Rc8 29. b3 Bf5 30. Kf1 Kf8 31. Ke2 Ke7 32. Kd2 Rc6 $2 (32... Rb8) 33. a5 $18
Kd6 (33... Bc8 34. Nd3 $18) (33... Rd6 34. a6 Rd8 35. Na4 Ra8 36. Rc7+ Kd8 37.
Rc6 Be6 38. Nc5 $18) 34. a6 Rc7 35. Nb7+ 1-0

[Event "Regency Masters 3rd"]
[Site "Ramsgate"]
[Date "1981.12.10"]
[Round "6.1"]
[White "Fedorowicz, John P"]
[Black "Hartoch, Robert G"]
[Result "1-0"]
[WhiteElo "2465"]
[BlackElo "2390"]
[PlyCount "121"]
[EventDate "1981.12.05"]
[EventType "swiss"]
[EventRounds "9"]
[EventCountry "ENG"]
[SourceVersionDate "2021.08.26"]

1. e4 d6 2. d4 Nf6 3. Nc3 g6 4. g3 Bg7 5. Bg2 O-O 6. Nge2 Nbd7 7. h3 e5 8. Be3
a6 9. a4 b6 10. g4 Bb7 11. Ng3 (11. d5 h5 12. Bf3 hxg4 13. hxg4 Nh7 14. Qd2 $16
{Moser,E (2432)-Kilgus,G (2427), Austrian Team Ch 2012 (½-½, 29)}) 11... exd4
12. Bxd4 c5 13. Be3 Ne5 14. O-O Nfd7 15. Ra2 Nc4 16. Bc1 Nde5 $2 (16... Bxc3 $5
17. bxc3 b5) 17. b3 Nc6 18. Nd5 N4a5 19. Be3 $16 Nd4 20. g5 Bxd5 21. exd5 b5
22. axb5 Nxb5 23. Qg4 Nc3 24. Raa1 Nb7 25. Rae1 Qc8 26. Qh4 Nd8 27. Bd2 f5 28.
gxf6 Bxf6 29. Qc4 Nb5 30. Ne4 Bg7 31. Ng5 Nf7 32. Ne6 Ne5 33. Qe4 Rf5 34. f4
Nf7 35. c4 Nd4 36. Nxg7 Kxg7 37. Bc3 Qd8 38. Bxd4+ cxd4 39. Qxd4+ Qf6 40. Qxf6+
Rxf6 41. b4 Rb8 42. Rb1 g5 43. fxg5 (43. c5) 43... Nxg5 (43... Rxf1+) 44. Rxf6
Kxf6 45. Kf2 Ke5 46. Ke3 h5 47. h4 Nh7 48. Bh3 Rg8 49. Re1 $1 Rg3+ 50. Kf2+ Kf4
51. Re4+ Kxe4 52. Kxg3 Kd4 53. Bf1 Kc3 54. b5 axb5 55. cxb5 Nf6 56. b6 Ne4+ 57.
Kf4 Nc5 58. Kg5 Kb4 59. Kxh5 Ka5 60. Kg6 Kxb6 61. h5 1-0

[Event "Regency Masters 3rd"]
[Site "Ramsgate"]
[Date "1981.12.10"]
[Round "6.2"]
[White "Berg, Klaus"]
[Black "Law, Andrew P"]
[Result "1/2-1/2"]
[WhiteElo "2295"]
[BlackElo "2380"]
[PlyCount "23"]
[EventDate "1981.12.05"]
[EventType "swiss"]
[EventRounds "9"]
[EventCountry "ENG"]
[SourceVersionDate "2021.08.26"]

1. d4 Nf6 2. Nf3 e6 3. c4 b6 4. a3 Bb7 5. Nc3 d5 6. cxd5 Nxd5 7. e3 Be7 8. Bb5+
c6 9. Bd3 O-O 10. e4 Nxc3 11. bxc3 c5 12. O-O 1/2-1/2

[Event "Regency Masters 3rd"]
[Site "Ramsgate"]
[Date "1981.12.10"]
[Round "6.4"]
[White "Taulbut, Shaun M"]
[Black "Miles, Anthony John"]
[Result "0-1"]
[WhiteElo "2420"]
[BlackElo "2565"]
[PlyCount "82"]
[EventDate "1981.12.05"]
[EventType "swiss"]
[EventRounds "9"]
[EventCountry "ENG"]
[SourceTitle "BritBase"]
[Source "John Saunders"]
[SourceDate "2020.09.07"]
[SourceVersion "1"]
[SourceVersionDate "2020.09.07"]
[SourceQuality "2"]

1. e4 c6 2. d4 d5 3. e5 Bf5 4. Nc3 Qd7 5. Nge2 e6 6. Ng3 Ne7 7. Be3 Qc7 8. Bd3
Bxd3 9. cxd3 Nd7 10. O-O g6 11. b4 h5 12. h4 a6 13. Rc1 Nc8 14. Qd2 Be7 15. Bg5
Qd8 16. Na4 Bxg5 17. Qxg5 Qxg5 18. hxg5 Ne7 19. f4 (19. Nc5 $15) 19... b5 $1
20. Nc5 a5 $1 $17 21. a4 bxa4 22. bxa5 Rxa5 23. Nb7 Ra7 24. Nd6+ Kf8 25. Ne2
Kg7 26. f5 gxf5 27. Nf4 a3 28. Rf2 Ng6 29. Nxg6 Kxg6 $19 30. Ra2 Rb8 31. Rc3
Nf8 32. Rcxa3 Rxa3 33. Rxa3 Nh7 34. Rc3 Nxg5 35. Rxc6 h4 36. Rc2 Rb4 37. Rc8
Rxd4 38. Rg8+ Kh6 39. Ne8 f4 40. Nf6 (40. Rh8+ Kg6 41. Rxh4 Kf5 $19) 40... f3
$1 41. g4 hxg3 0-1

[Event "Regency Masters 3rd"]
[Site "Ramsgate"]
[Date "1981.12.10"]
[Round "6.5"]
[White "Kovacevic, Vlatko"]
[Black "Cox, John J"]
[Result "1-0"]
[WhiteElo "2485"]
[BlackElo "2275"]
[PlyCount "55"]
[EventDate "1981.12.05"]
[EventType "swiss"]
[EventRounds "9"]
[EventCountry "ENG"]
[SourceVersionDate "2021.08.26"]

1. d4 e6 2. Nf3 c5 3. e3 Nf6 4. Bd3 b6 5. O-O Bb7 6. Nbd2 Be7 7. Re1 O-O 8. c3
d6 9. a4 a6 10. h3 Qc7 11. Qe2 Re8 12. Nf1 Bf8 13. e4 g6 14. N1h2 Nc6 15. Bg5
Bg7 16. e5 $16 Nd5 17. Ng4 cxd4 18. cxd4 Ncb4 19. Be4 Rac8 20. Qd2 a5 21. h4 (
21. Bf6 $18) 21... h5 (21... dxe5) 22. Nh6+ Bxh6 23. Bxh6 dxe5 24. Rac1 Qb8 $2
(24... Qe7 $5) 25. Qg5 $18 Rxc1 26. Bxg6 $1 Rxe1+ 27. Nxe1 Kh8 28. Bf8 $1 (28.
Bf8 Kg8 29. Qh6 Rxf8 30. Qh7#) 1-0

[Event "Regency Masters 3rd"]
[Site "Ramsgate"]
[Date "1981.12.10"]
[Round "6.6"]
[White "Hebden, Mark L"]
[Black "Kenworthy, Gary"]
[Result "1-0"]
[WhiteElo "2315"]
[BlackElo "2245"]
[PlyCount "71"]
[EventDate "1981.12.05"]
[EventType "swiss"]
[EventRounds "9"]
[EventCountry "ENG"]
[SourceVersionDate "2021.08.26"]

1. e4 e6 2. Nc3 b6 3. d4 Bb4 4. e5 f5 5. Bd2 Bb7 6. h4 Nc6 7. Nf3 Nce7 8. Be2
Bxc3 9. Bxc3 Nh6 10. Qd3 Be4 11. Qd2 Nd5 12. O-O-O c5 13. Ng5 O-O 14. f3 Nxc3
15. Qxc3 Bd5 16. Bc4 cxd4 17. Qxd4 Bxc4 18. Qxc4 Rc8 19. Qd4 Qc7 20. Rd2 Rfd8
21. Rhd1 Nf7 22. Nxf7 Kxf7 23. Qxd7+ Rxd7 24. Rxd7+ Ke8 25. Rxc7 Rxc7 26. Rd4
Ke7 27. Kd2 g6 28. f4 h6 29. Kd3 Rc5 30. b4 Rc8 31. Rc4 Rd8+ 32. Ke3 Rd7 33.
Rc8 Kf7 34. Rh8 Kg7 35. Re8 Kf7 36. Rc8 1-0

[Event "Regency Masters 3rd"]
[Site "Ramsgate"]
[Date "1981.12.10"]
[Round "6.7"]
[White "Pytel, Krzysztof"]
[Black "Nunn, John DM"]
[Result "1/2-1/2"]
[WhiteElo "2400"]
[BlackElo "2580"]
[PlyCount "32"]
[EventDate "1981.12.05"]
[EventType "swiss"]
[EventRounds "9"]
[EventCountry "ENG"]
[SourceTitle "BritBase"]
[Source "John Saunders"]
[SourceDate "2020.09.07"]
[SourceVersion "1"]
[SourceVersionDate "2020.09.07"]
[SourceQuality "2"]

1. Nf3 ({The bulletin gives the game shown starting 1 Nf3, but for some reason
Big/Mega Database 2020 gives the opening moves as} 1. e4 c6 2. d4 d5 3. exd5
cxd5 4. c4 Nf6 5. Nc3 g6 6. Bg5 Bg7 7. Nf3 O-O {reaching the same position and
continuing as per the bulletin}) 1... Nf6 2. c4 g6 3. Nc3 Bg7 4. d4 O-O 5. Bg5
c5 6. e3 cxd4 7. exd4 d5 8. Bxf6 Bxf6 9. cxd5 Bg4 10. Be2 Nd7 11. O-O Bxf3 12.
Bxf3 Qb6 13. Na4 Qxd4 14. Qxd4 Bxd4 15. d6 exd6 16. Rad1 Be5 1/2-1/2

[Event "Regency Masters 3rd"]
[Site "Ramsgate"]
[Date "1981.12.10"]
[Round "6.9"]
[White "Cummings, David H"]
[Black "Conquest, Stuart"]
[Result "1-0"]
[WhiteElo "2310"]
[BlackElo "2220"]
[PlyCount "97"]
[EventDate "1981.12.05"]
[EventType "swiss"]
[EventRounds "9"]
[EventCountry "ENG"]
[SourceVersionDate "2021.08.26"]

1. c4 e5 2. Nc3 Nc6 3. g3 g6 4. Bg2 Bg7 5. Rb1 Nf6 6. d3 O-O 7. b4 d6 8. b5 Ne7
9. Qb3 h6 10. Nf3 Be6 11. O-O Nd7 12. Nd2 f5 13. Ba3 Rb8 14. Bb4 g5 15. Qa3 Nc8
16. Nb3 b6 17. Nd5 Bxd5 18. Bxd5+ Kh8 19. Bc3 Qe8 20. Qb2 Nf6 21. Bg2 f4 22. d4
Qh5 23. Nd2 exd4 24. Bxd4 Ne7 25. Bc3 Qg6 26. Nf3 Nf5 27. Qc2 Rbe8 28. Nd4 Ne7
29. Qd2 Ng4 30. Nf3 Ne5 31. Nxe5 dxe5 32. Qd7 Qd6 33. Qxd6 cxd6 34. Bb4 Nf5 35.
Be4 Nd4 36. Rfe1 Rf6 37. Kg2 g4 38. Rbd1 Nxe2 39. Rxd6 f3+ 40. Kf1 Rxd6 41.
Bxd6 Nd4 42. Bd5 Kh7 (42... h5 $1 43. a4 (43. Bf7 $140 Rd8 44. Bxe5 Nc2 45. Bc7
Rd3 46. Rc1 Bb2 47. Bg6 Rd7 48. Bf5 Rxc7 49. Rxc2 Bd4 $11) 43... Rd8 $1 44.
Bxe5 Ne2 $13) 43. a4 Kg6 44. c5 $1 $18 Ne2 45. Bc6 Rh8 46. Bd7 Nd4 47. c6 Nf5
48. Bxe5 Bxe5 49. Rxe5 1-0